000 00942nam a22002537a 4500
008 081212t xxu||||| |||| 00| 0beng d
010 _aENG-97904
020 _c395.00
_a9788190953238
035 _aEN-81437
037 _bDBAD / PUB
040 _adpl
_bEnglish
082 _a378.19810954
100 _aGulshan Naveen
_93724
245 _aRagging:
_cby Gulshan Naveen
_bthe red alert /
260 _aNew Delhi
_bStandard Publishers
_c2010
270 _a225, Gupta Place, A-2/42, Rojouri Garden Main Road (Near Metro Ststion)
_bNew Delhi
_e110027
300 _a216p.
_c22cm (Hb)
600 _aBaba Visakha Singh
_xBiography.
_93725
650 _aHazing
_95127
650 _aStudent- legal status
_95193
700 _94917
942 _2ddc
_cEN
_mGUL
_h378.19810954
999 _c38996
_d38996